Statistics for Female Singers by Picture #2

Click here to take the quiz!

General Stats

  • This quiz has been taken 888 times
    (833 since last reset)
  • The average score is 15 of 24

Answer Stats

Answer% Correct
Adele
97%
Katy Perry
90%
Pink
89%
Britney Spears
87%
Jennifer Lopez
87%
Lady Gaga
83%
Celine Dion
82%
Amy Winehouse
79%
Dolly Parton
79%
Miley Cyrus
77%
Avril Lavigne
68%
Christina Aguilera
66%
Aretha Franklin
65%
Kelly Clarkson
64%
Gwen Stefani
58%
Alicia Keys
54%
Victoria Beckham
53%
Fergie
50%
Kylie Minogue
45%
Janis Joplin
40%
Bjork
32%
Leona Lewis
31%
Ella Fitzgerald
22%
Sade Adu
21%

Score Distribution

Percentile by Number Answered

Percent of People with Each Score

Your Score History

You have not taken this quiz since the last reset